000 00423nam a2200145Ia 4500
008 220216s9999 xx 000 0 und d
100 _aRamakrishnan T.S.
245 0 _aPreliminary observations on the use of weedicides in rubber plantations in South India
260 _bRubber Board Bulletin
_c1963-64
300 _a20-24
650 _aRubber plantation
650 _aWeedicide
700 _aPillay P.N.R.
942 _cBS
999 _c48657
_d48657